000 00370nam a22001697a 4500
005 20251108175150.0
008 250721s9999 xx 000 0 eng d
082 1 4 _a512/FEH
100 1 _aFEHR,
245 1 0 _aALGEBRA :
_bFIRST COURSE /
250 _a2ED
300 _a501P.
650 1 7 _aALGEBRA
700 1 _aCARNAHAN,
942 _2ddc
_cBK
999 _c127711
_d127711